| 000 | 00471nam a2200193Ia 4500 | ||
|---|---|---|---|
| 008 | 210210b1948 xxu||||| |||| 00| 0 eng d | ||
| 041 | _aeng | ||
| 082 | _a535/90 | ||
| 100 | _aMOLLOY (E) | ||
| 245 | _aInstallation and maintenance of electric motors | ||
| 260 |
_aLondon _bGeorge Newnes Limited _c1948 |
||
| 300 | _a546 | ||
| 650 | _amotors | ||
| 650 | _amaintenance | ||
| 650 | _aInstallation | ||
| 650 | _aelectric | ||
| 690 | _aElectricity | ||
| 906 | _a008708 | ||
| 999 |
_c126643 _d126643 |
||